000 00548cam a2200145 4500500
005 20260208001104.0
041 _afre
042 _adc
100 1 0 _aBirot, Yves
_eauthor
245 0 0 _aÎle-de-France : avis de tempête force 12, Martine Tabeaud (Ed.), Publications de la Sorbonne, 2003, 206 p.
260 _c2005.
500 _a5
786 0 _nNatures Sciences Sociétés | 13 | 4 | 2005-12-01 | p. 461b-463b | 1240-1307
856 4 1 _uhttps://stm.cairn.info/revue-natures-sciences-societes-2005-4-page-461b?lang=fr&redirect-ssocas=7080
999 _c1644340
_d1644340